000 01041cam a2200229 4500
001 ABS64447
008 010823n2001 000 0 eng u
035 _a(Sirsi) u114309
100 _aBardouil, S
245 _aSurveying takes on Europe
260 _c2001
490 _aCSM (Chartered Surveyor Monthly)
_v(7&8) July/August 2001, 20-22(3)
520 _aReview of the development and rationale of the European Society of Chartered Surveyors, based in Brussels, as the European office of RICS. Since its establishment in 1993, the number of chartered surveyors practising in Europe have increased, with most now trained in their own countries; national associations have also multiplied as RICS improves its international status as well as that of chartered surveyors.
590 _aABS
650 _aEUROPEAN SOCIETY OF CHARTERED SURVEYORS
650 _aEUROPE
650 _aSURVEYING PROFESSION
650 _aSURVEYING ASSOCIATIONS
650 _aROYAL INSTITUTION OF CHARTERED SURVEYORS
690 _aRICS NEWS
942 _n0
999 _c68075
_d68075